Top XIs: Atletico Madrid (1973-2023) - Statistics

General Stats
  • This quiz has been taken 572 times
    559 since last reset
  • The average score is 171 of 500
Answer Stats
Hint Position Answer % Correct
2014/2015 ST Antoine Griezmann
96%
2015/2016 ST Antoine Griezmann
96%
2016/2017 ST Antoine Griezmann
96%
2017/2018 ST Antoine Griezmann
96%
2018/2019 ST Antoine Griezmann
96%
2012/2013 MF Koke
93%
2013/2014 MF Koke
93%
2014/2015 MF Koke
93%
2015/2016 MF Koke
93%
2016/2017 MF Koke
93%
2017/2018 MF Koke
93%
2018/2019 MF Koke
93%
2019/2020 MF Koke
93%
2020/2021 MF Koke
93%
2021/2022 MF Koke
93%
2022/2023 MF Koke
93%
2002/2003 ST Fernando Torres
90%
2003/2004 ST Fernando Torres
90%
2004/2005 ST Fernando Torres
90%
2005/2006 ST Fernando Torres
90%
2006/2007 ST Fernando Torres
90%
2015/2016 ST Fernando Torres
90%
2011/2012 DF Diego Godín
89%
2012/2013 DF Diego Godín
89%
2013/2014 DF Diego Godín
89%
2014/2015 DF Diego Godín
89%
2015/2016 DF Diego Godín
89%
2016/2017 DF Diego Godín
89%
2017/2018 DF Diego Godín
89%
2018/2019 DF Diego Godín
89%
2015/2016 DF José M. Giménez
84%
2019/2020 DF José M. Giménez
84%
2021/2022 DF José M. Giménez
84%
2022/2023 DF José M. Giménez
84%
2012/2013 ST Diego Costa
82%
2013/2014 ST Diego Costa
82%
2015/2016 MF Saúl Ñíguez
82%
2016/2017 MF Saúl Ñíguez
82%
2017/2018 MF Saúl Ñíguez
82%
2018/2019 MF Saúl Ñíguez
82%
2019/2020 MF Saúl Ñíguez
82%
2020/2021 MF Saúl Ñíguez
82%
2006/2007 ST Kun Agüero
79%
2007/2008 ST Kun Agüero
79%
2008/2009 ST Kun Agüero
79%
2009/2010 ST Kun Agüero
79%
2010/2011 ST Kun Agüero
79%
2019/2020 ST Álvaro Morata
78%
2022/2023 ST Álvaro Morata
78%
2011/2012 DF Juanfran
78%
2012/2013 DF Juanfran
78%
2013/2014 DF Juanfran
78%
2014/2015 DF Juanfran
78%
2015/2016 DF Juanfran
78%
2016/2017 DF Juanfran
78%
2007/2008 ST Diego Forlán
77%
2008/2009 ST Diego Forlán
77%
2009/2010 ST Diego Forlán
77%
2010/2011 ST Diego Forlán
77%
2011/2012 MF Gabi
77%
2012/2013 MF Gabi
77%
2013/2014 MF Gabi
77%
2014/2015 MF Gabi
77%
2015/2016 MF Gabi
77%
2016/2017 MF Gabi
77%
2017/2018 MF Gabi
77%
2015/2016 MF Yannick Carrasco
76%
2016/2017 MF Yannick Carrasco
76%
2021/2022 MF Yannick Carrasco
76%
2000/2001 * ST Fernando Correa
74%
2001/2002 * ST Fernando Correa
74%
2020/2021 MF Marcos Llorente
73%
2021/2022 MF Marcos Llorente
73%
2022/2023 MF Marcos Llorente
73%
2016/2017 DF Stefan Savić
71%
2017/2018 DF Stefan Savić
71%
2020/2021 DF Stefan Savić
71%
2021/2022 DF Stefan Savić
71%
2019/2020 ST João Félix
70%
2020/2021 ST João Félix
70%
2022/2023 ST João Félix
70%
2011/2012 ST Radamel Falcao
69%
2012/2013 ST Radamel Falcao
69%
2011/2012 DF Miranda
68%
2012/2013 DF Miranda
68%
2013/2014 DF Miranda
68%
2014/2015 DF Miranda
68%
1994/1995 MF Diego Simeone
67%
1995/1996 MF Diego Simeone
67%
1996/1997 MF Diego Simeone
67%
2003/2004 MF Diego Simeone
67%
2013/2014 ST David Villa
66%
2019/2020 DF Felipe
65%
2020/2021 DF Felipe
65%
2018/2019 MF Thomas Lemar
63%
2010/2011 MF Tiago
61%
2013/2014 MF Tiago
61%
2014/2015 MF Tiago
61%
2018/2019 MF Rodri
60%
2017/2018 DF Lucas Hernández
59%
2017/2018 MF Thomas Partey
58%
2018/2019 MF Thomas Partey
58%
2019/2020 MF Thomas Partey
58%
2021/2022 MF Rodrigo de Paul
57%
2022/2023 MF Rodrigo de Paul
57%
2019/2020 DF Kieran Trippier
56%
2020/2021 DF Kieran Trippier
56%
2020/2021 ST Luis Suárez
55%
2021/2022 ST Luis Suárez
55%
2011/2012 MF Arda Turan
54%
2012/2013 MF Arda Turan
54%
2013/2014 MF Arda Turan
54%
2014/2015 MF Arda Turan
54%
2020/2021 DF Mario Hermoso
53%
2021/2022 DF Mario Hermoso
53%
2010/2011 DF Filipe Luís
52%
2011/2012 DF Filipe Luís
52%
2012/2013 DF Filipe Luís
52%
2013/2014 DF Filipe Luís
52%
2015/2016 DF Filipe Luís
52%
2016/2017 DF Filipe Luís
52%
2018/2019 DF Filipe Luís
52%
2014/2015 ST Mario Mandžukić
51%
2022/2023 DF Nahuel Molina
51%
2022/2023 DF Axel Witsel
49%
2019/2020 DF Renan Lodi
49%
2017/2018 ST Ángel Correa
47%
2018/2019 ST Ángel Correa
47%
2019/2020 MF Ángel Correa
47%
2020/2021 MF Ángel Correa
47%
2021/2022 MF Geoffrey Kondogbia
47%
2022/2023 MF Geoffrey Kondogbia
47%
2007/2008 MF Raúl García
45%
2008/2009 MF Raúl García
45%
2010/2011 MF Raúl García
45%
2011/2012 MF Diego
42%
2004/2005 DF Antonio López
41%
2005/2006 DF Antonio López
41%
2006/2007 DF Antonio López
41%
2007/2008 DF Antonio López
41%
2009/2010 DF Antonio López
41%
2021/2022 DF Reinildo Mandava
41%
2022/2023 DF Reinildo Mandava
41%
2017/2018 DF Šime Vrsaljko
41%
1981/1982 ST Hugo Sánchez
40%
1982/1983 ST Hugo Sánchez
40%
1983/1984 ST Hugo Sánchez
40%
1984/1985 ST Hugo Sánchez
40%
1973/1974 MF Luis Aragonés
40%
2016/2017 ST Kevin Gameiro
39%
1997/1998 ST Christian Vieri
38%
2009/2010 MF José Antonio Reyes
38%
2010/2011 MF José Antonio Reyes
38%
2008/2009 DF Tomáš Ujfaluši
37%
2009/2010 DF Tomáš Ujfaluši
37%
2010/2011 DF Tomáš Ujfaluši
37%
2010/2011 MF Mario Suárez
35%
2011/2012 MF Mario Suárez
35%
2012/2013 MF Mario Suárez
35%
2007/2008 MF Simão
35%
2008/2009 MF Simão
35%
2009/2010 MF Simão
35%
1987/1988 MF Paulo Futre
34%
1988/1989 ST Paulo Futre
34%
1989/1990 ST Paulo Futre
34%
1990/1991 ST Paulo Futre
34%
1991/1992 ST Paulo Futre
34%
1974/1975 MF Alberto Fernández
33%
1975/1976 MF Alberto Fernández
33%
1976/1977 MF Alberto Fernández
33%
1977/1978 MF Alberto Fernández
33%
2011/2012 ST Adrián López
32%
1993/1994 ST Kiko
32%
1994/1995 ST Kiko
32%
1995/1996 ST Kiko
32%
1996/1997 ST Kiko
32%
1997/1998 ST Kiko
32%
2000/2001 * ST Kiko
32%
1990/1991 MF Bernd Schuster
31%
1991/1992 MF Bernd Schuster
31%
1992/1993 MF Bernd Schuster
31%
1999/2000 ST J. F. Hasselbaink
30%
1985/1986 ST Jorge da Silva
30%
1993/1994 MF José Luis Caminero
30%
1994/1995 MF José Luis Caminero
30%
1995/1996 MF José Luis Caminero
30%
1996/1997 MF José Luis Caminero
30%
1997/1998 MF José Luis Caminero
30%
2005/2006 MF Maxi Rodríguez
30%
2007/2008 MF Maxi Rodríguez
30%
2008/2009 MF Maxi Rodríguez
30%
2018/2019 DF Santiago Arias
30%
1992/1993 ST Luis García
29%
1993/1994 ST Luis García
29%
2004/2005 DF Luis Perea
29%
2005/2006 DF Luis Perea
29%
2006/2007 DF Luis Perea
29%
2007/2008 DF Luis Perea
29%
2008/2009 DF Luis Perea
29%
2009/2010 DF Luis Perea
29%
2010/2011 DF Luis Perea
29%
2009/2010 DF Álvaro Domínguez
27%
2010/2011 DF Álvaro Domínguez
27%
2007/2008 DF Mariano Pernía
27%
2008/2009 DF Mariano Pernía
27%
2008/2009 MF Paulo Assunção
27%
2009/2010 MF Paulo Assunção
27%
1998/1999 MF Juan Carlos Valerón
26%
1999/2000 MF Juan Carlos Valerón
26%
1995/1996 MF Milinko Pantić
26%
1996/1997 MF Milinko Pantić
26%
1997/1998 DF Carlos Aguilera
25%
1998/1999 DF Carlos Aguilera
25%
1999/2000 DF Carlos Aguilera
25%
2000/2001 * DF Carlos Aguilera
25%
2001/2002 * DF Carlos Aguilera
25%
2000/2001 * DF Juan Gómez
25%
2006/2007 MF Maniche
25%
2007/2008 MF Maniche
25%
1989/1990 DF Pizo Gómez
25%
1993/1994 DF Pizo Gómez
25%
2002/2003 DF Sergi Barjuan
25%
2003/2004 DF Sergi Barjuan
25%
2002/2003 MF Demetrio Albertini
24%
2008/2009 DF John Heitinga
24%
2004/2005 DF Pablo Ibáñez
24%
2005/2006 DF Pablo Ibáñez
24%
2007/2008 DF Pablo Ibáñez
24%
2014/2015 DF Guilherme Siqueira
23%
1999/2000 DF Joan Capdevila
23%
2006/2007 MF José M. Jurado
23%
2009/2010 MF José M. Jurado
23%
1997/1998 MF Juninho Paulista
23%
1998/1999 MF Juninho Paulista
23%
1974/1975 ST Rubén Ayala
23%
1975/1976 ST Rubén Ayala
23%
1976/1977 ST Rubén Ayala
23%
1977/1978 ST Rubén Ayala
23%
1995/1996 ST Luboslav Penev
22%
1988/1989 ST Manolo
22%
1989/1990 ST Manolo
22%
1990/1991 ST Manolo
22%
1991/1992 ST Manolo
22%
1992/1993 ST Manolo
22%
1973/1974 MF Adelardo
21%
1974/1975 MF Adelardo
21%
1973/1974 ST José E. Gárate
21%
1974/1975 ST José E. Gárate
21%
1975/1976 ST José E. Gárate
21%
2004/2005 MF Marcelo Sosa
21%
2004/2005 MF Peter Luccin
21%
2005/2006 MF Peter Luccin
21%
2006/2007 MF Peter Luccin
21%
1979/1980 MF Quique Ramos
21%
1980/1981 MF Quique Ramos
21%
1981/1982 MF Quique Ramos
21%
1982/1983 MF Quique Ramos
21%
1983/1984 MF Quique Ramos
21%
1984/1985 MF Quique Ramos
21%
1990/1991 DF Roberto Solozábal
21%
1991/1992 DF Roberto Solozábal
21%
1992/1993 DF Roberto Solozábal
21%
1994/1995 DF Roberto Solozábal
21%
1995/1996 DF Roberto Solozábal
21%
1996/1997 DF Roberto Solozábal
21%
1999/2000 MF Rubén Baraja
21%
1999/2000 MF Santiago Solari
21%
2001/2002 * DF Armando Álvarez
20%
1990/1991 DF Juanito
20%
1991/1992 DF Juanito
20%
1993/1994 DF Juanito
20%
1990/1991 MF Juan Vizcaíno
20%
1991/1992 MF Juan Vizcaíno
20%
1992/1993 MF Juan Vizcaíno
20%
1993/1994 MF Juan Vizcaíno
20%
1994/1995 MF Juan Vizcaíno
20%
1995/1996 MF Juan Vizcaíno
20%
1980/1981 DF Julio Alberto
20%
1981/1982 DF Julio Alberto
20%
1986/1987 ST Julio Salinas
20%
1987/1988 ST Julio Salinas
20%
1975/1976 DF Luís Pereira
20%
1976/1977 DF Luís Pereira
20%
1977/1978 DF Luís Pereira
20%
1978/1979 DF Luís Pereira
20%
1979/1980 DF Luís Pereira
20%
2005/2006 ST Mateja Kežman
20%
1975/1976 DF Rubén Díaz
20%
1976/1977 DF Rubén Díaz
20%
1995/1996 DF Santi
20%
1996/1997 DF Santi
20%
1997/1998 DF Santi
20%
1998/1999 DF Santi
20%
1999/2000 DF Santi
20%
2000/2001 * DF Santi
20%
1992/1993 DF Toni
20%
1994/1995 DF Toni
20%
1995/1996 DF Toni
20%
1996/1997 DF Toni
20%
1994/1995 DF Delfí Geli
19%
1995/1996 DF Delfí Geli
19%
1996/1997 DF Delfí Geli
19%
1997/1998 MF Jordi Lardín
19%
1998/1999 MF Jordi Lardín
19%
1998/1999 ST José Mari
19%
2002/2003 MF José Mari
19%
2001/2002 * MF José Movilla
19%
2002/2003 MF José Movilla
19%
1979/1980 ST Marcos Alonso
19%
1980/1981 ST Marcos Alonso
19%
1981/1982 ST Marcos Alonso
19%
2005/2006 MF Martin Petrov
19%
1998/1999 MF Roberto
19%
1984/1985 DF Tomás
19%
1985/1986 DF Tomás
19%
1986/1987 DF Tomás
19%
1987/1988 DF Tomás
19%
1988/1989 DF Tomás
19%
1989/1990 DF Tomás
19%
1990/1991 DF Tomás
19%
1991/1992 DF Tomás
19%
1992/1993 DF Tomás
19%
1993/1994 DF Tomás
19%
2003/2004 MF Ariel Ibagaza
18%
2004/2005 MF Ariel Ibagaza
18%
1988/1989 ST Baltazar
18%
1989/1990 ST Baltazar
18%
1988/1989 MF Donato
18%
1989/1990 MF Donato
18%
1990/1991 MF Donato
18%
1991/1992 MF Donato
18%
1992/1993 MF Donato
18%
1973/1974 DF Eusebio Bejarano
18%
1974/1975 DF Eusebio Bejarano
18%
1975/1976 DF Eusebio Bejarano
18%
1976/1977 DF Eusebio Bejarano
18%
1977/1978 DF Eusebio Bejarano
18%
1987/1988 MF Eusebio Sacristán
18%
2006/2007 DF Georgios Seitaridis
18%
1978/1979 DF Juan Carlos Arteche
18%
1979/1980 DF Juan Carlos Arteche
18%
1980/1981 DF Juan Carlos Arteche
18%
1981/1982 DF Juan Carlos Arteche
18%
1982/1983 DF Juan Carlos Arteche
18%
1983/1984 DF Juan Carlos Arteche
18%
1984/1985 DF Juan Carlos Arteche
18%
1985/1986 DF Juan Carlos Arteche
18%
1987/1988 DF Juan Carlos Arteche
18%
2005/2006 MF Luciano Galletti
18%
2006/2007 MF Luciano Galletti
18%
1996/1997 MF Radek Bejbl
18%
1997/1998 MF Radek Bejbl
18%
1999/2000 MF Radek Bejbl
18%
2000/2001 * ST Salva Ballesta
18%
2004/2005 ST Salva Ballesta
18%
1999/2000 DF Carlos Gamarra
17%
2000/2001 * MF Dani
17%
2001/2002 * MF Dani
17%
2001/2002 * ST Diego Alonso
17%
1973/1974 MF Javier Irureta
17%
1974/1975 MF Javier Irureta
17%
2004/2005 MF Jesper Grönkjaer
17%
1998/1999 DF José A. Chamot
17%
2001/2002 * MF Jovan Stanković
17%
1979/1980 DF Miguel Ángel Ruiz
17%
1980/1981 DF Miguel Ángel Ruiz
17%
1981/1982 DF Miguel Ángel Ruiz
17%
1982/1983 DF Miguel Ángel Ruiz
17%
1983/1984 DF Miguel Ángel Ruiz
17%
1984/1985 DF Miguel Ángel Ruiz
17%
1985/1986 DF Miguel Ángel Ruiz
17%
1986/1987 DF Miguel Ángel Ruiz
17%
2000/2001 * DF Mirsad Hibić
17%
2001/2002 * DF Mirsad Hibić
17%
2002/2003 DF Mirsad Hibić
17%
1989/1990 DF Patxi Ferreira
17%
1992/1993 DF Patxi Ferreira
17%
1994/1995 DF Patxi Ferreira
17%
1973/1974 DF Capón
16%
1974/1975 DF Capón
16%
1975/1976 DF Capón
16%
1976/1977 DF Capón
16%
1977/1978 DF Capón
16%
1978/1979 DF Capón
16%
1979/1980 DF Capón
16%
2002/2003 DF Cosmin Contra
16%
2002/2003 DF Fabricio Coloccini
16%
2001/2002 * DF García Calvo
16%
2003/2004 DF García Calvo
16%
2003/2004 MF G. de los Santos
16%
1982/1983 MF Jesús Landáburu
16%
1983/1984 MF Jesús Landáburu
16%
1984/1985 MF Jesús Landáburu
16%
1985/1986 MF Jesús Landáburu
16%
1986/1987 MF Jesús Landáburu
16%
1987/1988 MF Jesús Landáburu
16%
1996/1997 ST Juan Esnáider
16%
2004/2005 DF Juan Velasco
16%
2005/2006 DF Juan Velasco
16%
1985/1986 MF Quique Setién
16%
1986/1987 MF Quique Setién
16%
1976/1977 ST Rubén Cano
16%
1977/1978 ST Rubén Cano
16%
1978/1979 ST Rubén Cano
16%
1979/1980 ST Rubén Cano
16%
1980/1981 ST Rubén Cano
16%
2001/2002 * MF Txomin Nagore
16%
2006/2007 DF Zé Castro
16%
1994/1995 ST Adolfo Valencia
15%
1982/1983 MF Clemente
15%
1983/1984 MF Clemente
15%
1985/1986 MF Clemente
15%
1975/1976 ST Leivinha
15%
1976/1977 ST Leivinha
15%
1977/1978 ST Leivinha
15%
1978/1979 ST Leivinha
15%
1993/1994 MF Pirri
15%
1973/1974 DF Ramón Heredia
15%
1974/1975 DF Ramón Heredia
15%
1975/1976 DF Ramón Heredia
15%
2003/2004 ST Veljko Paunović
15%
2003/2004 ST Demis Nikolaidis
14%
1975/1976 MF Eugenio Leal
14%
1976/1977 MF Eugenio Leal
14%
1977/1978 MF Eugenio Leal
14%
1978/1979 MF Eugenio Leal
14%
1979/1980 MF Eugenio Leal
14%
1988/1989 DF Juan Carlos
14%
1990/1991 DF Juan Carlos
14%
1993/1994 DF Juanma López
14%
1987/1988 MF Alemão
13%
1979/1980 MF Dirceu
13%
1980/1981 MF Dirceu
13%
1981/1982 MF Dirceu
13%
1991/1992 MF Gabriel Moya
13%
1992/1993 MF Gabriel Moya
13%
2003/2004 DF Matías Lequi
13%
1997/1998 DF Andrei
12%
1997/1998 DF Daniel Prodan
12%
1991/1992 DF Miquel Soler
12%
1982/1983 MF Roberto Marina
12%
1983/1984 MF Roberto Marina
12%
1984/1985 MF Roberto Marina
12%
1985/1986 MF Roberto Marina
12%
1986/1987 MF Roberto Marina
12%
1988/1989 MF Roberto Marina
12%
1986/1987 DF Sergio Elías
12%
1987/1988 DF Sergio Elías
12%
1988/1989 DF Sergio Elías
12%
1987/1988 DF Andoni Goikoetxea
11%
1988/1989 DF Andoni Goikoetxea
11%
1989/1990 DF Eugenio Bustingorri
11%
2002/2003 MF Émerson
11%
1973/1974 DF Francisco Melo
11%
1974/1975 DF Francisco Melo
11%
1999/2000 MF Hugo Leal
11%
2000/2001 * MF Hugo Leal
11%
1982/1983 MF Julio Prieto
11%
1983/1984 MF Julio Prieto
11%
1984/1985 MF Julio Prieto
11%
1985/1986 MF Julio Prieto
11%
1986/1987 MF Julio Prieto
11%
1984/1985 ST Mario Cabrera
11%
1985/1986 ST Mario Cabrera
11%
1993/1994 ST Roman Kosecki
11%
1994/1995 ST Roman Kosecki
11%
1998/1999 MF Vladimir Jugović
11%
1989/1990 MF Alfredo Santaelena
10%
1988/1989 MF Antonio Orejuela
10%
1989/1990 MF Antonio Orejuela
10%
2003/2004 DF Gaspar
10%
1990/1991 ST Gerhard Rodax
10%
1986/1987 ST Pedro Uralde
10%
1973/1974 MF Domingo Benegas
9%
1974/1975 MF Domingo Benegas
9%
1976/1977 DF Marcelino
9%
1977/1978 DF Marcelino
9%
1978/1979 DF Marcelino
9%
1980/1981 DF Marcelino
9%
1998/1999 DF Michele Serena
9%
1982/1983 DF Mirko Votava
9%
1983/1984 DF Mirko Votava
9%
1984/1985 MF Mirko Votava
9%
2000/2001 * DF Zoran Njeguš
9%
1980/1981 DF Balbino García
8%
1981/1982 DF Balbino García
8%
1973/1974 ST Heraldo Bezerra
8%
1987/1988 MF Joaquín Parra
8%
1981/1982 DF Juanjo
8%
1978/1979 ST Juan José Rubio
8%
1979/1980 ST Juan José Rubio
8%
1980/1981 ST Juan José Rubio
8%
1981/1982 ST Juan José Rubio
8%
1983/1984 ST Juan José Rubio
8%
1977/1978 MF Marcial Pina
8%
1978/1979 MF Marcial Pina
8%
1982/1983 ST Juan Carlos Pedraza
7%
1978/1979 MF Antonio Guzmán
6%
1986/1987 DF Rodolfo Dapena
6%
2002/2003 ST Luis García
4%
No matching quizzes found
Score Distribution
Percent of People with Each Score
Percentile by Number Answered
Your Score History
You have not taken this quiz since the last reset